MARC details
| 000 -LEADER |
| fixed length control field |
02688cac a22003491a 4500 |
| 003 - CONTROL NUMBER IDENTIFIER |
| control field |
EG-ScBUE |
| 005 - DATE AND TIME OF LATEST TRANSACTION |
| control field |
20200109101131.0 |
| 008 - FIXED-LENGTH DATA ELEMENTS--GENERAL INFORMATION |
| fixed length control field |
190725t2005 maua f b 001 0 eng d |
| 020 ## - INTERNATIONAL STANDARD BOOK NUMBER |
| International Standard Book Number |
061845411X (pbk.) |
| 020 ## - INTERNATIONAL STANDARD BOOK NUMBER |
| International Standard Book Number |
9780618454112 |
| 040 ## - CATALOGING SOURCE |
| Original cataloging agency |
EG-ScBUE |
| Language of cataloging |
eng |
| Description conventions |
rda |
| Transcribing agency |
EG-ScBUE |
| Modifying agency |
EG-ScBUE |
| 082 04 - DEWEY DECIMAL CLASSIFICATION NUMBER |
| Classification number |
808.0427 |
| Item number |
SCH |
| Edition number |
22 |
| 100 1# - MAIN ENTRY--PERSONAL NAME |
| Personal name |
Schwiebert, John E, |
| Dates associated with a name |
1955- |
| Relator term |
author. |
| 245 10 - TITLE STATEMENT |
| Title |
Reading and writing from literature / |
| Statement of responsibility, etc |
John E. Schwiebert, Weber State University. |
| 250 ## - EDITION STATEMENT |
| Edition statement |
Third edition. |
| 264 #1 - PUBLICATION, DISTRIBUTION, ETC. (IMPRINT) |
| Place of publication, distribution, etc |
Boston ; |
| -- |
New York : |
| Name of publisher, distributor, etc |
Houghton Mifflin Company, |
| Date of publication, distribution, etc |
[2005] |
| 264 #4 - PUBLICATION, DISTRIBUTION, ETC. (IMPRINT) |
| Date of publication, distribution, etc |
c 2005 |
| 300 ## - PHYSICAL DESCRIPTION |
| Extent |
xxiv, 1220 pages : |
| Other physical details |
illustrations (some color) ; |
| Dimensions |
24 cm |
| 336 ## - CONTENT TYPE |
| Source |
rdacontent |
| Content type term |
text |
| Content type code |
txt |
| 337 ## - MEDIA TYPE |
| Source |
rdamedia |
| Media type term |
unmediated |
| Media type code |
n |
| 338 ## - CARRIER TYPE |
| Source |
rdacarrier |
| Carrier type term |
volume |
| Carrier type code |
nc |
| 500 ## - GENERAL NOTE |
| General note |
Includes appendices. |
| 504 ## - BIBLIOGRAPHY, ETC. NOTE |
| Bibliography, etc |
Includes bibliographical references and index. |
| 520 ## - SUMMARY, ETC. |
| Summary, etc |
"Reading and Writing from Literature is ideal for instructors who wish to support students with significant writing instruction accompanied by a robust literary anthology that includes fiction, poetry, drama, and essays. Using an approachable, conversational tone, this thematic anthology and writing text emphasizes intertextuality - the way in which texts, including the student's own writing, grow out of other texts. Thirteen chapters of guidance on writing about literature (Parts I-III) cover such topics as planning, drafting, and revising essays on literature, research and documentation in a literature-based context, writing argumentative literary essays, and creating a writing portfolio. Part IV introduces students to the genres - short stories, poems, plays, and essays. Part V provides a thorough overview of figurative language. Part VI, the text's thematic anthology, is organized around themes of particular interest to students: Gender and Relationships, Families, Experience and Identity, Individual and Society, People and Cultures in Conflict and Change, and Work and the Quality of Life. It contains 45 new poems, essays/nonfiction writing, and short stories, with an emphasis on the contemporary. This edition features a stronger representation of international and multicultural authors, including such writers as Antoine de Saint-Exupery, Derek Walcott, Yusef Komunyaka, Sei Shonagon, and Allan Gurganus." |
| 590 ## - LOCAL NOTE (RLIN) |
| Local note |
Marwa Ashraf |
| 650 #7 - SUBJECT ADDED ENTRY--TOPICAL TERM |
| Topical term or geographic name as entry element |
English language |
| General subdivision |
Rhetoric |
| Form subdivision |
Problems, exercises, etc. |
| Source of heading or term |
BUEsh |
| 650 #7 - SUBJECT ADDED ENTRY--TOPICAL TERM |
| Topical term or geographic name as entry element |
Literature |
| General subdivision |
Appreciation |
| Form subdivision |
Problems, exercises, etc. |
| Source of heading or term |
BUEsh |
| 650 #7 - SUBJECT ADDED ENTRY--TOPICAL TERM |
| Topical term or geographic name as entry element |
Criticism |
| General subdivision |
Authorship |
| Form subdivision |
Problems, exercises, etc. |
| Source of heading or term |
BUEsh |
| 653 ## - INDEX TERM--UNCONTROLLED |
| Resource For college |
Humanities: English |
| Arrived date list |
July2019 |
| 655 ## - INDEX TERM--GENRE/FORM |
| Form subdivision |
Reading book |
| 942 ## - ADDED ENTRY ELEMENTS (KOHA) |
| Koha item type |
Book - Borrowing |
| Call number prefix |
808.042721Sch994 |
| Source of classification or shelving scheme |
Dewey Decimal Classification |